000 00434nam a2200157Ia 4500
008 151021s9999 xx 000 0 und d
020 _a72846119
050 _aQH506 .W43 2005
245 _a_Molecular biology.-3rd ed. Robert F.Weaver
260 _aBoston McGraw hill 2005
300 _axvii,894p.;ill
500 _aIncludes index.
500 _aIncludes index.
650 _a_Biology
980 _a^d20130517 11:56:40^oanne
999 _c13436
_d13436